| 000 | 00874na a2200289 4500 | ||
|---|---|---|---|
| 001 | 15881 | ||
| 003 | MIRAKIL | ||
| 005 | 20181213155304.0 | ||
| 008 | 161009b tu 000 0 | ||
| 020 | _a9752860389 | ||
| 035 | _a15881 | ||
| 040 |
_aMilas _btur _cTR-AnCHP |
||
| 041 | _atur | ||
| 082 |
_a320.532092 _bK24s 2003 |
||
| 090 | _a320.532092 K24s 2003 | ||
| 100 |
_aKakınç, Halit _d1952- |
||
| 245 |
_aSultangaliyev ve milli komünizm _cHalit Kakınç |
||
| 250 | _a3. bs. | ||
| 260 |
_aİstanbul _bBulut yayınları _c2003 |
||
| 300 |
_a335 s. _bfotğ. _c22 sm. |
||
| 504 | _aKaynakça ve dizin var. | ||
| 600 |
_aSultangaliyev, Mirseyid _d1892-1939 _xYaşamöyküsü |
||
| 650 |
_aSosyalizm _xUlusalcılık _zSovyet Birliği |
||
| 650 |
_aDevrimciler _zSovyetler Birliği |
||
| 650 |
_aKomünizm _y20. yüzyıl _zSovyetler Birliği |
||
| 942 |
_2ddc _cBKS |
||
| 999 |
_c10018 _d10018 |
||